[Event "Eastern Asia-ch U14"]
[Site "Tornelo INT"]
[Date "2021.10.31"]
[Round "9"]
[White "Rupasinghe, Sayum"]
[Black "Teerawuttiudom, Bhudit"]
[Result "1-0"]
[WhiteElo "1537"]
[BlackElo "1066"]
[PlyCount "141"]
[EventDate "2021.10.29"]
[EventType "swiss"]
[EventRounds "9"]
[EventCountry "NET"]
[SourceTitle "EXT 2023"]
[Source "ChessBase"]
[SourceDate "2022.10.05"]
[SourceVersion "1"]
[SourceVersionDate "2022.10.05"]
[SourceQuality "1"]

1. d4 Nf6 2. Bf4 e6 3. e3 d5 4. Nf3 Be7 5. Be2 0-0 6. Nbd2 b6 7. c4 Bb7 8. 0-0 c5 9. cxd5 Nxd5 10. Bg3 Nc6 11. dxc5 Bxc5 12. a3 Rc8 13. b4 Bd6 14. Rc1 Bxg3 15. hxg3 Qf6 16. Nc4 Nc3 17. Qd2 Nxe2+ 18. Qxe2 Rfd8 19. Rfd1 Ba6 20. Rxd8+ Rxd8 21. Qb2 Qxb2 22. Nxb2 Bb7 23. b5 Nb8 24. Ne5 f6 25. Ned3 Rc8 26. Rxc8+ Bxc8 27. Nc4 a6 28. Nxb6 Bb7 29. Nc5 Bd5 30. Nxd5 exd5 31. bxa6 Nc6 32. Nd7 Kf7 33. Nb6 Ke6 34. Nc8 g5 35. a7 Nxa7 36. Nxa7 Kd6 37. Nb5+ Kc5 38. Nc7 Kc4 39. a4 Kb4 40. Nxd5+ Kxa4 41. Nxf6 h6 42. e4 Kb5 43. e5 Kc5 44. Ng8 Kd5 45. Nxh6 Kxe5 46. Nf7+ Kf6 47. Nxg5 Kxg5 48. f4+ Kf5 49. Kf2 Kg6 50. Ke3 Kf5 51. Kf3 Kg6 52. g4 Kf6 53. g5+ Kg6 54. Kg4 Kf7 55. f5 Kg7 56. Kh5 Kf7 57. g6+ Kg8 58. f6 Kh8 59. g7+ Kh7 60. g4 Kg8 61. Kh6 Kf7 62. Kh7 Kxf6 63. g8Q Ke5 64. Kg6 Kf4 65. Qd5 Kxg4 66. Qe4+ Kg3 67. Kg5 Kf2 68. Kg4 Kf1 69. Qc2 Ke1 70. Kf3 Kf1 71. Qc1# 1-0

[Event "Eastern Asia-ch U14"]
[Site "Tornelo INT"]
[Date "2021.10.30"]
[Round "4"]
[White "Rupasinghe, Sayum"]
[Black "Porwal, Dhruv"]
[Result "1/2-1/2"]
[WhiteElo "1537"]
[BlackElo "1218"]
[PlyCount "112"]
[EventDate "2021.10.29"]
[EventType "swiss"]
[EventRounds "9"]
[EventCountry "NET"]
[SourceTitle "EXT 2023"]
[Source "ChessBase"]
[SourceDate "2022.10.05"]
[SourceVersion "1"]
[SourceVersionDate "2022.10.05"]
[SourceQuality "1"]

1. d4 Nf6 2. Bf4 d6 3. e3 g6 4. Nf3 Bg7 5. Be2 Nbd7 6. 0-0 0-0 7. Nbd2 Nh5 8. Bg3 Nxg3 9. hxg3 e5 10. dxe5 Nxe5 11. c3 Bd7 12. Nd4 Nc6 13. N2f3 Nxd4 14. cxd4 Re8 15. Rc1 b6 16. b4 a5 17. b5 Rc8 18. d5 Bf5 19. Nd4 Bxd4 20. Qxd4 h5 21. Rc3 Re4 22. Qd2 Re7 23. Rfc1 Qd7 24. Qd4 Re5 25. a4 Re4 26. Qd1 Rb4 27. Rc4 Rxc4 28. Rxc4 Qe8 29. Qd4 Qe5 30. Qxe5 dxe5 31. e4 Bd7 32. f4 f6 33. Kf2 Kf7 34. Ke3 Ke7 35. Bd3 Kd6 36. Bc2 Rh8 37. Bd1 Rc8 38. Bf3 Ke7 39. Rc1 Kd6 40. Kd3 Re8 41. Kc4 f5 42. Kd3 Re7 43. Re1 exf4 44. gxf4 fxe4+ 45. Bxe4 Bf5 46. Kd4 Bxe4 47. Rxe4 Rxe4+ 48. Kxe4 Kc5 49. Ke5 Kb4 50. Kf6 Kxa4 51. Kxg6 Kxb5 52. f5 a4 53. f6 a3 54. f7 a2 55. f8Q a1Q 56. Qe8+ Kc4 1/2-1/2

[Event "AUS-ch Major"]
[Site "Cammeray"]
[Date "2018.01.11"]
[Round "10"]
[White "Rupasinghe, Sayum"]
[Black "Ho, Oscar"]
[Result "1-0"]
[WhiteElo "1592"]
[BlackElo "1105"]
[PlyCount "59"]
[EventDate "2018.01.02"]
[EventType "swiss"]
[EventRounds "11"]
[EventCountry "AUS"]
[SourceTitle "CBM 182 Extra"]
[Source "ChessBase"]
[SourceDate "2018.02.23"]
[SourceVersion "1"]
[SourceVersionDate "2018.02.23"]
[SourceQuality "1"]

1. e4 e5 2. Nf3 Nc6 3. Bb5 Bc5 4. Bxc6 dxc6 5. 0-0 Bg4 6. h3 Bh5 7. Nc3 Nf6 8. Re1 0-0 9. g4 Bg6 10. d3 h6 11. Nxe5 Qd4 12. Nf3 Qxf2+ 13. Kh1 Qg3 14. Nh2 Bd6 15. Re2 h5 16. Rg2 Qxh3 17. gxh5 Bxh5 18. Qf1 Bf3 19. Qxf3 Qh4 20. Bg5 Qh7 21. Bxf6 g6 22. Kg1 Bc5+ 23. Kf1 Bd6 24. e5 Bb4 25. Ne4 Qh6 26. Bg5 Qh7 27. Nf6+ Kh8 28. Nxh7 Kxh7 29. Qh3+ Kg8 30. Bf6 1-0

[Event "AUS-ch Major"]
[Site "Cammeray"]
[Date "2018.01.02"]
[Round "1"]
[White "Rupasinghe, Sayum"]
[Black "Au, Alexander"]
[Result "0-1"]
[WhiteElo "1592"]
[BlackElo "1845"]
[PlyCount "138"]
[EventDate "2018.01.02"]
[EventType "swiss"]
[EventRounds "11"]
[EventCountry "AUS"]
[SourceTitle "CBM 182 Extra"]
[Source "ChessBase"]
[SourceDate "2018.02.23"]
[SourceVersion "1"]
[SourceVersionDate "2018.02.23"]
[SourceQuality "1"]

1. d4 d5 2. Nf3 Nf6 3. Bf4 c5 4. e3 Nc6 5. Bb5 Bg4 6. Bxc6+ bxc6 7. 0-0 e6 8. c3 Be7 9. h3 Bh5 10. Nbd2 0-0 11. Re1 Rc8 12. Qc2 Bg6 13. Qd1 h6 14. Ne5 Bh7 15. c4 Qb6 16. Qb3 Rfd8 17. Rad1 cxd4 18. Qxb6 axb6 19. exd4 c5 20. Nb3 dxc4 21. Nxc4 cxd4 22. Nxb6 Rc6 23. Nxd4 Rxb6 24. Bc7 Rxd4 25. Bxb6 Rb4 26. Bd8 Bf8 27. b3 Nd5 28. Ba5 Rb8 29. Rd4 g5 30. Rc1 Be7 31. Rdc4 Rb5 32. Rc8+ Kg7 33. Bc3+ Nxc3 34. R1xc3 Be4 35. a4 Rb6 36. a5 Ra6 37. b4 Rd6 38. Rc1 Rd5 39. f3 Bd3 40. Rb8 Bd6 41. Rb6 Bf4 42. Re1 Bd2 43. Kf2 Bxe1+ 44. Kxe1 Rb5 45. Kd2 Rxb6 46. axb6 Ba6 47. Kc3 Kf8 48. Kd4 Ke7 49. Kc5 Kd7 50. b5 Bb7 51. Kd4 Kd6 52. Kc4 f5 53. Kd4 e5+ 54. Kc4 e4 55. fxe4 fxe4 56. Kd4 h5 57. g3 Ke6 58. g4 hxg4 59. hxg4 Kd6 60. Ke3 Ke5 61. Ke2 Kf4 62. Kf2 Kxg4 63. Ke2 Kf4 64. Kf2 e3+ 65. Ke2 g4 66. Kf1 g3 67. Kg1 Kf3 68. Kf1 g2+ 69. Kg1 e2 0-1